| 000 | 00846nam a2200253 a 4500 | ||
|---|---|---|---|
| 001 | 66465 | ||
| 003 | BD-RjUL | ||
| 005 | 20211209081538.0 | ||
| 008 | 170316r19551931nyua b 001 0 eng d | ||
| 020 | _a0486602060 | ||
| 035 | _a(BD-RjUL)66595 | ||
| 040 |
_aDLC _cDLC _beng _dBD-RjUL |
||
| 041 | _aeng | ||
| 082 |
_223 _a597.8 _bNOB 1959 |
||
| 100 | 1 |
_aNoble, G. Kingsley _q(Gladwyn Kingsley), _d1894-1940. _9196701 |
|
| 245 | 1 | 4 |
_aThe biology of the amphibia / _cby G. Kingsley Noble. |
| 260 |
_aNew York: _bDover Publications, _cc1931,1954 |
||
| 300 |
_a[11] 577p [8] : _bill. ; _c21 cm. |
||
| 500 | _a"An unabridged republication of the first edition with a new biographical note on the author." | ||
| 504 | _aIncludes bibliographical references and indexes. | ||
| 650 | 0 |
_aAmphibia. _9196702 |
|
| 942 |
_2ddc _cBK |
||
| 999 |
_c66465 _d66465 |
||